| 000 | 01162nam2a22002651 4500 | ||
|---|---|---|---|
| 001 | v19\rc\1909857 | ||
| 005 | 20251118180552.8 | ||
| 035 | _a(NLR Aleph) 004998611 | ||
| 090 |
_a6362367 _c6362367 |
||
| 100 | _a20080404d1911 u y0rusy50 ca | ||
| 101 | 0 | _arus | |
| 102 | _aRU | ||
| 105 | _ay z ||||| | ||
| 200 | 0 | _aза 1909-1910 год | |
| 210 | _d1911 | ||
| 215 | _a24 с. | ||
| 461 | 0 |
_1001v19\rc\1909856 _12001#$aКраткие сведения о деятельности Саратовского общества сельского хозяйства...$fСарат. о-во сел. хоз-ва$vза 1909-1910 год _96362363 _aСаратовское общество сельского хозяйства _cСаратов _d1911 _fСарат. о-во сел. хоз-ва _tКраткие сведения о деятельности Саратовского общества сельского хозяйства... _vза 1909-1910 год |
|
| 801 | 0 |
_aRU _bNLR _gpsbo |
|
| 801 | 0 |
_aRU _bRuMoRGB _2psbo |
|
| 801 | 1 |
_aRU _bProSoft-M _2rusmarc |
|
| 852 |
_aNLR _j20.93.9.294 |
||
| 899 |
_aRuMoRGB _jV 122/1296 |
||
| 899 | _aБАН | ||
| 942 | _cBOOK | ||
| 980 | _aNB | ||